Statistics for States by Property Taxes

Click here to take the quiz!

General Stats

  • This quiz has been taken 21 times
  • The average score is 6 of 10

Answer Stats

Median Property TaxState% Correct
1.81%Texas
89%
1.89%New Jersey
78%
1.73%Illinois
72%
1.62%Michigan
72%
1.63%Connecticut
61%
1.76%Wisconsin
61%
1.86%New Hampshire
50%
1.59%Vermont
50%
1.42%North Dakota
44%
1.76%Nebraska
39%

Score Distribution

Percentile by Number Answered

Percent of People with Each Score

Your Score History

You have not taken this quiz